[Event "Olimpiada de Khanty-Mansiysk 2010"]
[Site "Khanty-Mansiysk RUS"]
[Date "2010.09.27"]
[Round "6"]
[White "Cuartas Medina, Jaime Ale"]
[Black "Sjugirov, Sanan"]
[Result "1/2-1/2"]
[WhiteElo "2526"]
[BlackElo "2627"]
[PlyCount "102"]
[EventDate "2010.09.21"]
[EventType "team"]
[EventRounds "11"]
[EventCountry "RUS"]
[Source "lmi"]
[SourceDate "2010.09.21"]
[WhiteTeam "Colombia"]
[BlackTeam "RU4"]
[WhiteTeamCountry "COL"]

1. e4 c5 2. Nf3 d6 3. d4 cxd4 4. Qxd4 Nc6 5. Bb5 Bd7 6. Bxc6 Bxc6 7. c4 Nf6 8.
Nc3 g6 9. O-O Bg7 10. Qd3 O-O 11. Nd4 Rc8 12. b3 Qa5 13. Bb2 a6 14. Rfe1 Bd7
15. Nd5 Nxd5 16. exd5 Rfe8 17. a4 Qc5 18. a5 e5 19. dxe6 fxe6 20. Qd2 Re7 21.
Red1 Rf7 22. Ba3 Qe5 23. Nf3 Rxf3 24. gxf3 Bc6 25. Bxd6 Qf5 26. Qf4 Qxf4 27.
Bxf4 Bxa1 28. Rxa1 Rd8 29. Be3 Rd3 30. b4 Rb3 31. b5 axb5 32. cxb5 Rxb5 33. a6
bxa6 34. Rxa6 Bxf3 35. h4 Rb4 36. Kh2 Kf7 37. Rd6 Rb7 38. Bg5 Bd5 39. Rd8 Kg7
40. Re8 Rb2 41. Be3 Rb4 42. Re7+ Kg8 43. Re8+ Kf7 44. Re7+ Kg8 45. Re8+ Kf7 46.
Re7+ Kf8 47. Rxh7 Kg8 48. Rh6 Kg7 49. h5 Rh4+ 50. Kg3 Rxh5 51. Rxh5 gxh5
1/2-1/2

[Event "Olimpiada de Khanty-Mansiysk 2010"]
[Site "Khanty-Mansiysk RUS"]
[Date "2010.09.27"]
[Round "6"]
[White "Bezgodov, Alexei"]
[Black "Barrientos, Sergio E"]
[Result "1/2-1/2"]
[WhiteElo "2485"]
[BlackElo "2464"]
[PlyCount "116"]
[EventDate "2010.09.21"]
[EventType "team"]
[EventRounds "11"]
[EventCountry "RUS"]
[Source "lmi"]
[SourceDate "2010.09.21"]
[WhiteTeam "RU4"]
[BlackTeam "Colombia"]
[BlackTeamCountry "COL"]

1. e4 c5 2. Nf3 d6 3. Nc3 a6 4. g3 b5 5. d4 cxd4 6. Nxd4 Bb7 7. Bg2 Nf6 8. O-O
Nbd7 9. Re1 e5 10. Nf5 Qc7 11. a4 b4 12. Nd5 Nxd5 13. exd5 g6 14. Nd4 Bg7 15.
a5 O-O 16. Nc6 Bxc6 17. dxc6 Nc5 18. Qd5 Rac8 19. Bd2 e4 20. Bxb4 Qxc6 21. Rad1
Qa4 22. c3 Nd3 23. Rxd3 exd3 24. Qxd3 Qa2 25. Rb1 Rc5 26. Bxc5 dxc5 27. Bd5
Qxa5 28. Bc4 Kh8 29. Qd6 f5 30. Re1 Qa4 31. Qxa6 Qc2 32. Qb5 f4 33. Re8 Qb1+
34. Bf1 Qf5 35. Rxf8+ Bxf8 36. Qb8 Kg7 37. Qxf4 Qxf4 38. gxf4 Bd6 39. f5 gxf5
40. Kg2 Bf4 41. h3 Bc1 42. b4 cxb4 43. cxb4 Ba3 44. b5 Bc5 45. f3 Kf6 46. Bc4
Ke5 47. Kg3 Kf6 48. Bg8 h6 49. Bh7 Kg5 50. Kg2 Kf4 51. Bg6 Bb6 52. Bh5 Ke3 53.
Be8 Kf4 54. Bc6 Bc5 55. Kf1 Kg3 56. Ke2 Kxh3 57. Bd7 Kg3 58. Bxf5 h5 1/2-1/2

[Event "Olimpiada de Khanty-Mansiysk 2010"]
[Site "Khanty-Mansiysk RUS"]
[Date "2010.09.27"]
[Round "6"]
[White "Arenas, David"]
[Black "Genba, Vladimir"]
[Result "0-1"]
[WhiteElo "2457"]
[BlackElo "2445"]
[PlyCount "82"]
[EventDate "2010.09.21"]
[EventType "team"]
[EventRounds "11"]
[EventCountry "RUS"]
[Source "lmi"]
[SourceDate "2010.09.21"]
[WhiteTeam "Colombia"]
[BlackTeam "RU4"]
[WhiteTeamCountry "COL"]

1. e4 e5 2. Nf3 Nc6 3. Bb5 Nf6 4. O-O Nxe4 5. d4 Nd6 6. dxe5 Nxb5 7. a4 Nbd4 8.
Nxd4 Nxd4 9. Qxd4 d5 10. Nc3 c6 11. a5 Bf5 12. f4 Qd7 13. Rf2 Be7 14. Be3 O-O
15. Na4 b6 16. c4 dxc4 17. Qxd7 Bxd7 18. Rd1 Bg4 19. Rd4 Bf5 20. g4 Bxg4 21. f5
h5 22. axb6 axb6 23. Nxb6 Ra1+ 24. Kg2 g6 25. f6 Bc5 26. Nxc4 Bxd4 27. Bxd4 Be6
28. Ne3 Rd8 29. Bc5 Bd5+ 30. Nxd5 Rxd5 31. Bd6 Rad1 32. Rf4 R1d2+ 33. Kg3 R5d3+
34. Kh4 Rxh2+ 35. Kg5 Kh7 36. Rb4 Rg3+ 37. Kf4 Rg4+ 38. Ke3 Rxb4 39. e6 Rb3+
40. Kd4 Rd2+ 41. Kc5 Rxd6 0-1

[Event "Olimpiada de Khanty-Mansiysk 2010"]
[Site "Khanty-Mansiysk RUS"]
[Date "2010.09.27"]
[Round "6"]
[White "Iljiushenok, Ilia"]
[Black "Rios Gomez, Cristhian Cam"]
[Result "0-1"]
[WhiteElo "2412"]
[BlackElo "2380"]
[PlyCount "62"]
[EventDate "2010.09.21"]
[EventType "team"]
[EventRounds "11"]
[EventCountry "RUS"]
[Source "lmi"]
[SourceDate "2010.09.21"]
[WhiteTeam "RU4"]
[BlackTeam "Colombia"]
[BlackTeamCountry "COL"]

1. e4 c5 2. Nf3 e6 3. d4 cxd4 4. Nxd4 Nf6 5. Nc3 d6 6. g4 h6 7. h3 Nc6 8. Be3
a6 9. f4 Qc7 10. Bg2 Be7 11. Qe2 Bd7 12. O-O-O Rc8 13. Rhe1 b5 14. Bf2 Nxd4 15.
Rxd4 e5 16. Rd2 Qa5 17. Kb1 Rxc3 18. bxc3 Be6 19. Rd5 Qxc3 20. fxe5 dxe5 21.
Qd3 Qb4+ 22. Ka1 Bxd5 23. exd5 Bd6 24. Qb3 Qd2 25. Qe3 Qa5 26. Rb1 O-O 27. Be1
Qc7 28. Qc3 Bc5 29. Qd2 e4 30. Qc3 Nxd5 31. Qb2 Re8 0-1

[Event "Olimpiada de Khanty-Mansiysk 2010"]
[Site "Khanty-Mansiysk RUS"]
[Date "2010.09.27"]
[Round "6"]
[White "Topalov, Veselin"]
[Black "Matamoros, Franco Carlos"]
[Result "1-0"]
[WhiteElo "2803"]
[BlackElo "2542"]
[PlyCount "83"]
[EventDate "2010.09.21"]
[EventType "team"]
[EventRounds "11"]
[EventCountry "RUS"]
[Source "lmi"]
[SourceDate "2010.09.21"]
[WhiteTeam "Bulgaria"]
[BlackTeam "Ecuador"]
[WhiteTeamCountry "BUL"]
[BlackTeamCountry "ECU"]

1. d4 Nf6 2. c4 g6 3. Nc3 Bg7 4. e4 d6 5. Nf3 O-O 6. Be2 e5 7. Be3 Ng4 8. Bg5
f6 9. Bh4 Nc6 10. d5 Ne7 11. Nd2 h5 12. h3 Nh6 13. f3 c5 14. g4 hxg4 15. hxg4
Nf7 16. Bd3 Bd7 17. Rb1 Nc8 18. b4 b6 19. Bc2 Bh6 20. a3 Kg7 21. Ba4 Bxa4 22.
Qxa4 Rh8 23. Ke2 Ne7 24. Bf2 Bf4 25. Nb3 Rxh1 26. Rxh1 Qc8 27. Nc1 a6 28. Qb3
Qc7 29. Nd3 Rh8 30. Rxh8 Kxh8 31. a4 cxb4 32. Qxb4 a5 33. Qb5 Nc8 34. Qc6 Qd8
35. Nb5 f5 36. gxf5 gxf5 37. exf5 Bh6 38. Nc7 Kh7 39. Ne6 Qg8 40. Qd7 e4 41.
Ne1 e3 42. Bh4 1-0

[Event "Olimpiada de Khanty-Mansiysk 2010"]
[Site "Khanty-Mansiysk RUS"]
[Date "2010.09.27"]
[Round "6"]
[White "Mieles Palau, Daniel"]
[Black "Georgiev, Kiril"]
[Result "1/2-1/2"]
[WhiteElo "2422"]
[BlackElo "2685"]
[PlyCount "113"]
[EventDate "2010.09.21"]
[EventType "team"]
[EventRounds "11"]
[EventCountry "RUS"]
[Source "lmi"]
[SourceDate "2010.09.21"]
[WhiteTeam "Ecuador"]
[BlackTeam "Bulgaria"]
[WhiteTeamCountry "ECU"]
[BlackTeamCountry "BUL"]

1. d4 Nf6 2. c4 e6 3. Nf3 d5 4. g3 Bb4+ 5. Bd2 Be7 6. Bg2 c6 7. Qc2 b6 8. Bg5
O-O 9. O-O Bb7 10. Nbd2 Na6 11. e4 Nb4 12. Qb1 dxe4 13. Nxe4 c5 14. Bxf6 Bxf6
15. a3 Bxe4 16. Qxe4 Na6 17. Rad1 Qc7 18. d5 exd5 19. Rxd5 Rae8 20. Qc2 Nb8 21.
Rdd1 Nc6 22. Rfe1 g6 23. b3 Kg7 24. h4 h5 25. Qb1 Bc3 26. Rxe8 Rxe8 27. Qd3 Bd4
28. Re1 Rxe1+ 29. Nxe1 Ne5 30. Qe4 Qd6 31. Nc2 Bxf2+ 32. Kxf2 Qd2+ 33. Qe2 Ng4+
34. Kf3 Qc3+ 35. Ke4 Qxg3 36. Qf3 Qd6 37. Qc3+ Kh7 38. Kf3 Qd1+ 39. Kg3 Qg1 40.
Ne1 Qh2+ 41. Kf3 Qxh4 42. Nd3 Qg5 43. Qe1 Nh2+ 44. Kf2 Ng4+ 45. Kf3 Qf6+ 46.
Ke2 Nh6 47. Qg3 Qc3 48. Be4 Ng4 49. Qf4 Kg7 50. Bd5 Nf6 51. Ne5 Qxb3 52. Bxf7
Qc2+ 53. Kf3 Qd1+ 54. Kg2 Qe2+ 55. Kg1 Qe1+ 56. Kg2 Qe2+ 57. Kg1 1/2-1/2

[Event "Olimpiada de Khanty-Mansiysk 2010"]
[Site "Khanty-Mansiysk RUS"]
[Date "2010.09.27"]
[Round "6"]
[White "Delchev, Aleksander"]
[Black "Macias Murillo, Bryan"]
[Result "1-0"]
[WhiteElo "2623"]
[BlackElo "2377"]
[PlyCount "53"]
[EventDate "2010.09.21"]
[EventType "team"]
[EventRounds "11"]
[EventCountry "RUS"]
[Source "lmi"]
[SourceDate "2010.09.21"]
[WhiteTeam "Bulgaria"]
[BlackTeam "Ecuador"]
[WhiteTeamCountry "BUL"]
[BlackTeamCountry "ECU"]

1. d4 Nf6 2. c4 e6 3. Nf3 b6 4. g3 Ba6 5. Qc2 Bb7 6. Bg2 c5 7. d5 exd5 8. cxd5
Bxd5 9. Nc3 Bc6 10. e4 Na6 11. Ne5 Bb7 12. Bg5 h6 13. Qb3 Qe7 14. Bxf6 Qxf6 15.
f4 Qe6 16. Bh3 Qxb3 17. Bxd7+ Ke7 18. axb3 Nb4 19. O-O-O Rd8 20. Bf5 Rd4 21.
Nb5 g6 22. Nxd4 gxf5 23. Nxf5+ Ke6 24. Rhe1 Bxe4 25. Rxe4 Kxf5 26. Re2 f6 27.
g4+ 1-0

[Event "Olimpiada de Khanty-Mansiysk 2010"]
[Site "Khanty-Mansiysk RUS"]
[Date "2010.09.27"]
[Round "6"]
[White "Santos Flores, Alberto"]
[Black "Berbatov, Kiprian"]
[Result "1/2-1/2"]
[WhiteElo "2356"]
[BlackElo "2461"]
[PlyCount "128"]
[EventDate "2010.09.21"]
[EventType "team"]
[EventRounds "11"]
[EventCountry "RUS"]
[Source "lmi"]
[SourceDate "2010.09.21"]
[WhiteTeam "Ecuador"]
[BlackTeam "Bulgaria"]
[WhiteTeamCountry "ECU"]
[BlackTeamCountry "BUL"]

1. c4 g6 2. g3 Bg7 3. Bg2 Nf6 4. Nc3 O-O 5. e3 c5 6. Nge2 Nc6 7. O-O d6 8. b3
Bd7 9. Bb2 a6 10. d4 Rb8 11. Rc1 cxd4 12. Nxd4 Nxd4 13. Qxd4 Bc6 14. Nd5 Nh5
15. Qd2 Bxb2 16. Qxb2 e6 17. Nc3 Bxg2 18. Kxg2 f5 19. Rfd1 Qc7 20. Rd3 Qc6+ 21.
Kg1 Nf6 22. Qd2 Ne8 23. Ne2 Rc8 24. Nd4 Qe4 25. Rd1 Qe5 26. Qb4 Rf7 27. a4 h6
28. Ne2 g5 29. Qb6 Qc5 30. Qxc5 Rxc5 31. Nc3 Kg7 32. e4 f4 33. f3 Kf6 34. Kg2
Ke5 35. R3d2 h5 36. Ne2 Rc8 37. Nc1 Kf6 38. Nd3 e5 39. Nb4 Ke6 40. Nd5 Rc6 41.
gxf4 exf4 42. h3 Ng7 43. a5 Rc5 44. Nb6 Ne8 45. Rd5 Rxd5 46. exd5+ Kf6 47. c5
Re7 48. Rd2 Re1 49. b4 Rc1 50. Nc8 Kf7 51. Nxd6+ Nxd6 52. cxd6 Ke8 53. Re2+ Kd7
54. Re7+ Kxd6 55. Rxb7 Rc2+ 56. Kg1 Kxd5 57. Rb6 Rc6 58. b5 axb5 59. Rxb5+ Kd4
60. Rb4+ Ke3 61. Rb3+ Ke2 62. Kg2 g4 63. hxg4 hxg4 64. Rb2+ Ke3 1/2-1/2

[Event "Olimpiada de Khanty-Mansiysk 2010"]
[Site "Khanty-Mansiysk RUS"]
[Date "2010.09.27"]
[Round "6"]
[White "Filippov, Anton"]
[Black "Rodgaard, John"]
[Result "1-0"]
[WhiteElo "2609"]
[BlackElo "2352"]
[PlyCount "109"]
[EventDate "2010.09.21"]
[EventType "team"]
[EventRounds "11"]
[EventCountry "RUS"]
[Source "lmi"]
[SourceDate "2010.09.21"]
[WhiteTeam "Uzbekistán"]
[BlackTeam "Islas Faroe"]
[WhiteTeamCountry "UZB"]
[BlackTeamCountry "FAI"]

1. e4 e6 2. d4 d5 3. Nc3 Bb4 4. e5 c5 5. a3 Bxc3+ 6. bxc3 Qc7 7. Nf3 b6 8. Bb5+
Bd7 9. a4 Bxb5 10. axb5 a5 11. O-O Ne7 12. Be3 Nd7 13. Ng5 h6 14. Nh3 cxd4 15.
cxd4 Rc8 16. Qg4 g6 17. Rfc1 Qc4 18. Nf4 Qxb5 19. c3 Rc6 20. Bd2 g5 21. Nh5 Qd3
22. Qd1 Qg6 23. Qe2 f6 24. f4 f5 25. Rc2 g4 26. Ng3 Kf7 27. Qb5 Rhc8 28. Bc1
Qg8 29. Ba3 Qe8 30. Qd3 Nf8 31. Nh5 Rc4 32. h3 gxh3 33. Rac1 Qa4 34. Bxe7 Kxe7
35. Qg3 Kd7 36. Qg7+ Kc6 37. Qe7 Kb5 38. Ng7 R4c7 39. Qf6 hxg2 40. Rb2+ Ka6 41.
Kxg2 Qd7 42. Nxf5 Nh7 43. Qxh6 Rxc3 44. Rxc3 Rxc3 45. Ng7 Nf8 46. f5 Rc7 47.
Nh5 Qe7 48. Nf4 Qa3 49. Rf2 Rh7 50. Qf6 exf5 51. e6 Qe7 52. Qxf5 Rh6 53. Rb2
Rf6 54. Qxd5 Nxe6 55. Qb5+ 1-0

[Event "Olimpiada de Khanty-Mansiysk 2010"]
[Site "Khanty-Mansiysk RUS"]
[Date "2010.09.27"]
[Round "6"]
[White "Berg, Olaf"]
[Black "Barsov, Alexei"]
[Result "1/2-1/2"]
[WhiteElo "2274"]
[BlackElo "2509"]
[PlyCount "30"]
[EventDate "2010.09.21"]
[EventType "team"]
[EventRounds "11"]
[EventCountry "RUS"]
[Source "lmi"]
[SourceDate "2010.09.21"]
[WhiteTeam "Islas Faroe"]
[BlackTeam "Uzbekistán"]
[WhiteTeamCountry "FAI"]
[BlackTeamCountry "UZB"]

1. e4 e6 2. d4 d5 3. e5 c5 4. Nf3 cxd4 5. Bd3 Ne7 6. O-O Nec6 7. a3 Nd7 8. Re1
h6 9. b4 Qc7 10. Qe2 a6 11. Bb2 Qb6 12. Nbd2 Nc5 13. Bxd4 Nxd4 14. Nxd4 Na4 15.
Qe3 Qd8 1/2-1/2

[Event "Olimpiada de Khanty-Mansiysk 2010"]
[Site "Khanty-Mansiysk RUS"]
[Date "2010.09.27"]
[Round "6"]
[White "Kvon, Andrey"]
[Black "Samuelsen, Carl Eli Nolso"]
[Result "1/2-1/2"]
[WhiteElo "2448"]
[BlackElo "2262"]
[PlyCount "108"]
[EventDate "2010.09.21"]
[EventType "team"]
[EventRounds "11"]
[EventCountry "RUS"]
[Source "lmi"]
[SourceDate "2010.09.21"]
[WhiteTeam "Uzbekistán"]
[BlackTeam "Islas Faroe"]
[WhiteTeamCountry "UZB"]
[BlackTeamCountry "FAI"]

1. d4 Nf6 2. c4 g6 3. Nc3 d5 4. cxd5 Nxd5 5. Bd2 Bg7 6. e4 Nb6 7. Be3 O-O 8. h3
Nc6 9. Nf3 Bd7 10. Rc1 e5 11. d5 Ne7 12. Qd2 Re8 13. Nb5 Bxb5 14. Bxb5 Rf8 15.
O-O Nec8 16. Bd3 f6 17. Qc2 Rf7 18. Nd2 Nd6 19. Nb3 Na4 20. f3 Qd7 21. Na5 Bf8
22. b4 Nc8 23. a3 Rb8 24. Qe2 Qd8 25. Nb3 Bd6 26. Bb5 Nab6 27. Nc5 Bxc5 28.
bxc5 Nd7 29. Bc4 Kh8 30. Rfd1 Rf8 31. Bh6 Nxc5 32. Bxf8 Qxf8 33. Rf1 Qe7 34.
Ba2 b6 35. f4 Nd6 36. Bb1 Re8 37. Rce1 exf4 38. Rxf4 Qe5 39. Qf2 Kg7 40. h4 a5
41. Kf1 Re7 42. Bc2 Nb5 43. Rf3 Nd4 44. Rfe3 h6 45. Kg1 Nb5 46. h5 g5 47. Qe2
Nd6 48. Kh1 Nd7 49. Ba4 Nc5 50. Bc2 Nd7 51. Qf2 Nc5 52. Qe2 Nd7 53. Ba4 Nc5 54.
Bc2 Nd7 1/2-1/2

[Event "Olimpiada de Khanty-Mansiysk 2010"]
[Site "Khanty-Mansiysk RUS"]
[Date "2010.09.27"]
[Round "6"]
[White "Sutovsky, Emil"]
[Black "Cordova, Emilio"]
[Result "1-0"]
[WhiteElo "2665"]
[BlackElo "2539"]
[PlyCount "69"]
[EventDate "2010.09.21"]
[EventType "team"]
[EventRounds "11"]
[EventCountry "RUS"]
[Source "lmi"]
[SourceDate "2010.09.21"]
[WhiteTeam "Israel"]
[BlackTeam "Perú"]
[WhiteTeamCountry "ISR"]
[BlackTeamCountry "PER"]

1. e4 e6 2. d4 d5 3. Nc3 Nf6 4. Bg5 dxe4 5. Nxe4 Nbd7 6. Nf3 Be7 7. Nxf6+ Bxf6
8. h4 c5 9. Qd2 cxd4 10. O-O-O h6 11. Bxf6 Nxf6 12. Ne5 O-O 13. Qxd4 Qxd4 14.
Rxd4 b6 15. Bb5 Bb7 16. Bc6 Bxc6 17. Nxc6 Nd5 18. Rhd1 b5 19. a4 a6 20. Nb4 Ne7
21. a5 Nf5 22. Re4 h5 23. Rd7 Rfc8 24. g3 Kf8 25. Re1 Ne7 26. Rd6 Nf5 27. Rb6
Rc4 28. c3 Nd4 29. Rxa6 Rxa6 30. Nxa6 Nb3+ 31. Kc2 Nxa5 32. Re5 Rc6 33. Nb8 Rd6
34. Rxb5 Nc4 35. Rb4 1-0

[Event "Olimpiada de Khanty-Mansiysk 2010"]
[Site "Khanty-Mansiysk RUS"]
[Date "2010.09.27"]
[Round "6"]
[White "Flores, Diego"]
[Black "Khader, Sami"]
[Result "1/2-1/2"]
[WhiteElo "2615"]
[BlackElo "2449"]
[PlyCount "70"]
[EventDate "2010.09.21"]
[EventType "team"]
[EventRounds "11"]
[EventCountry "RUS"]
[Source "lmi"]
[SourceDate "2010.09.21"]
[WhiteTeam "Argentina"]
[BlackTeam "Jordania"]
[WhiteTeamCountry "ARG"]
[BlackTeamCountry "JOR"]

1. c4 Nf6 2. Nc3 g6 3. e4 d6 4. g3 Bg7 5. Bg2 O-O 6. Nge2 c5 7. O-O Nc6 8. d3
Bd7 9. a3 Qc8 10. Rb1 a5 11. b3 Ne8 12. Be3 Nd4 13. b4 Nxe2+ 14. Nxe2 axb4 15.
axb4 b6 16. Qd2 Nc7 17. Nc3 Ra3 18. Rfc1 Re8 19. d4 Ne6 20. Ne2 Qa6 21. dxc5
Ra2 22. Qe1 dxc5 23. Nc3 Ra3 24. Nd5 Qa7 25. e5 Bxe5 26. bxc5 bxc5 27. Rb7 Qxb7
28. Nxe7+ Rxe7 29. Bxb7 Bf6 30. Bd5 Nd4 31. Kh1 Nf5 32. Qf1 Nxe3 33. fxe3 Kg7
34. Qf4 Raxe3 35. Rf1 Bc3 1/2-1/2

[Event "Olimpiada de Khanty-Mansiysk 2010"]
[Site "Khanty-Mansiysk RUS"]
[Date "2010.09.27"]
[Round "6"]
[White "Samhouri, Ahmad Fawzi"]
[Black "Felgaer, Ruben"]
[Result "0-1"]
[WhiteElo "2372"]
[BlackElo "2597"]
[PlyCount "86"]
[EventDate "2010.09.21"]
[EventType "team"]
[EventRounds "11"]
[EventCountry "RUS"]
[Source "lmi"]
[SourceDate "2010.09.21"]
[WhiteTeam "Jordania"]
[BlackTeam "Argentina"]
[WhiteTeamCountry "JOR"]
[BlackTeamCountry "ARG"]

1. d4 d6 2. Nf3 Bg4 3. c4 Nd7 4. Nc3 e5 5. e3 Ngf6 6. Be2 Be7 7. O-O O-O 8. b3
Re8 9. Ba3 exd4 10. Nxd4 Bxe2 11. Qxe2 Bf8 12. Rfd1 g6 13. Rac1 Bg7 14. h3 a6
15. Bb2 Qe7 16. Nf3 c6 17. Qd2 Bf8 18. Qc2 Rad8 19. b4 Bg7 20. b5 axb5 21. cxb5
c5 22. a4 Nb6 23. Nd2 d5 24. Ba3 Qc7 25. Nb3 c4 26. Nd4 Nbd7 27. Nde2 Nc5 28.
Nf4 d4 29. Ncd5 Nxd5 30. Nxd5 Rxd5 31. Qxc4 Qd7 32. Bxc5 Rc8 33. a5 Rdxc5 34.
Qxc5 Rxc5 35. Rxc5 d3 36. e4 Qd4 37. Rd5 Qxe4 38. Rd8+ Bf8 39. R1xd3 Qe1+ 40.
Kh2 Qe5+ 41. g3 Qxb5 42. R3d7 Qxa5 43. Rb8 Qa7 0-1

[Event "Olimpiada de Khanty-Mansiysk 2010"]
[Site "Khanty-Mansiysk RUS"]
[Date "2010.09.27"]
[Round "6"]
[White "Peralta, Fernando"]
[Black "Mansour, Sameer"]
[Result "1-0"]
[WhiteElo "2572"]
[BlackElo "2283"]
[PlyCount "77"]
[EventDate "2010.09.21"]
[EventType "team"]
[EventRounds "11"]
[EventCountry "RUS"]
[Source "lmi"]
[SourceDate "2010.09.21"]
[WhiteTeam "Argentina"]
[BlackTeam "Jordania"]
[WhiteTeamCountry "ARG"]
[BlackTeamCountry "JOR"]

1. d4 Nf6 2. c4 e6 3. Nc3 Bb4 4. e3 d5 5. a3 Bxc3+ 6. bxc3 O-O 7. cxd5 exd5 8.
Bd3 c5 9. Ne2 Nc6 10. f3 Re8 11. O-O cxd4 12. cxd4 Bd7 13. Ng3 Rc8 14. Ra2 Na5
15. Raf2 h5 16. Re1 Re6 17. h3 Rec6 18. Ne2 Qb6 19. e4 Qb3 20. Qxb3 Nxb3 21.
Bg5 Be6 22. Bxf6 gxf6 23. exd5 Bxd5 24. Nf4 Rd6 25. Be4 Bxe4 26. fxe4 f5 27.
Nd5 Re6 28. Rxf5 Nxd4 29. Rxh5 Kg7 30. Re3 Rc1+ 31. Kh2 Rf1 32. Rd3 Nc6 33. Ne3
Rf4 34. Nf5+ Kf6 35. Ng3 Ne5 36. Rd5 Ng6 37. Rd7 Re7 38. Rhd5 Rf2 39. Nh5+ 1-0

[Event "Olimpiada de Khanty-Mansiysk 2010"]
[Site "Khanty-Mansiysk RUS"]
[Date "2010.09.27"]
[Round "6"]
[White "Malkawi, Fadi"]
[Black "Lafuente, Pablo"]
[Result "0-1"]
[WhiteElo "2080"]
[BlackElo "2565"]
[PlyCount "54"]
[EventDate "2010.09.21"]
[EventType "team"]
[EventRounds "11"]
[EventCountry "RUS"]
[Source "lmi"]
[SourceDate "2010.09.21"]
[WhiteTeam "Jordania"]
[BlackTeam "Argentina"]
[WhiteTeamCountry "JOR"]
[BlackTeamCountry "ARG"]

1. e4 c6 2. d4 d5 3. Nc3 dxe4 4. Nxe4 Nd7 5. Bc4 e6 6. Nf3 Ngf6 7. Qe2 Be7 8.
Ng3 O-O 9. O-O c5 10. dxc5 Bxc5 11. Be3 Bxe3 12. Qxe3 Qc7 13. Bd3 b6 14. Rfe1
Bb7 15. Ne5 Nc5 16. c3 Nd5 17. Qd4 f6 18. Ng4 e5 19. Nxe5 fxe5 20. Rxe5 Nxd3
21. Rxd5 Bxd5 22. Qxd5+ Qf7 23. Qxd3 Qxf2+ 24. Kh1 Rad8 25. Qc4+ Kh8 26. Qb4
Rd2 27. Rg1 Qxg1+ 0-1

[Event "Olimpiada de Khanty-Mansiysk 2010"]
[Site "Khanty-Mansiysk RUS"]
[Date "2010.09.27"]
[Round "6"]
[White "Gundavaa, Bayarsaikhan"]
[Black "Zhao, Zong-Yuan"]
[Result "0-1"]
[WhiteElo "2460"]
[BlackElo "2583"]
[PlyCount "126"]
[EventDate "2010.09.21"]
[EventType "team"]
[EventRounds "11"]
[EventCountry "RUS"]
[Source "lmi"]
[SourceDate "2010.09.21"]
[WhiteTeam "Mongolia"]
[BlackTeam "Australia"]
[WhiteTeamCountry "MGL"]
[BlackTeamCountry "AUS"]

1. d4 Nf6 2. c4 e6 3. g3 d5 4. Nf3 dxc4 5. Bg2 Nc6 6. Qa4 Bb4+ 7. Bd2 Nd5 8.
Qb5 Bxd2+ 9. Nbxd2 c3 10. bxc3 Nxc3 11. Qd3 Nd5 12. O-O O-O 13. Rfc1 Nb6 14.
Rab1 Qe7 15. h4 h6 16. e4 Rd8 17. Qe3 Bd7 18. g4 Be8 19. Nf1 a5 20. Ng3 a4 21.
g5 hxg5 22. hxg5 a3 23. Nh5 f6 24. gxf6 gxf6 25. Rb5 Ra5 26. Rxa5 Nxa5 27. Rxc7
Qxc7 28. Nxf6+ Kf8 29. Qxa3+ Kg7 30. e5 Nac4 31. Qc1 Bg6 32. Qg5 Rh8 33. Qg4
Nxe5 34. dxe5 Qc1+ 35. Bf1 Qh6 36. Qg2 Qf4 37. Bd3 Qc1+ 38. Bf1 Qf4 39. Bd3
Qc1+ 40. Bf1 Nc4 41. Nd4 Nxe5 42. Ne4 Rh4 43. Nxe6+ Kh8 44. Nf6 Qc3 45. Ng5 Qc6
46. Qxc6 bxc6 47. Ne6 Bf7 48. Nc5 Kg7 49. Nfe4 Bxa2 50. Ng3 Kf7 51. Bg2 Rf4 52.
Be4 Bd5 53. Kg2 Ke7 54. Bxd5 cxd5 55. Nb3 Nd3 56. Nh1 Kd6 57. Kg3 Re4 58. Kf3
Ne5+ 59. Kg2 Rb4 60. Nd2 Rb2 61. Nf1 d4 62. Nhg3 Kd5 63. Nh5 Ng4 0-1

[Event "Olimpiada de Khanty-Mansiysk 2010"]
[Site "Khanty-Mansiysk RUS"]
[Date "2010.09.27"]
[Round "6"]
[White "Xie, George Wendi"]
[Black "Erdene, Ganzorig"]
[Result "1/2-1/2"]
[WhiteElo "2478"]
[BlackElo "2330"]
[PlyCount "137"]
[EventDate "2010.09.21"]
[EventType "team"]
[EventRounds "11"]
[EventCountry "RUS"]
[Source "lmi"]
[SourceDate "2010.09.21"]
[WhiteTeam "Australia"]
[BlackTeam "Mongolia"]
[WhiteTeamCountry "AUS"]
[BlackTeamCountry "MGL"]

1. e4 c6 2. d4 d5 3. f3 Qb6 4. a4 a5 5. exd5 cxd5 6. Nc3 e6 7. Bd3 Nf6 8. Nge2
Be7 9. Nb5 O-O 10. Bf4 Na6 11. c3 Bd7 12. Qb1 h6 13. O-O Bxb5 14. Bxb5 Bd6 15.
Be3 Nc7 16. Bd3 e5 17. Kh1 exd4 18. Nxd4 Rfe8 19. Bd2 Ne6 20. Nf5 Bf4 21. Be1
Qc7 22. Bf2 Nc5 23. Bc2 Re2 24. g3 Bd6 25. Nd4 Re7 26. Qd1 Rae8 27. Qd2 Qd7 28.
b4 axb4 29. cxb4 Na6 30. Rfb1 Re5 31. Kg2 Nc7 32. a5 Qe7 33. b5 Bc5 34. Bd3 Ne4
35. fxe4 dxe4 36. b6 Nd5 37. Bc2 e3 38. Qd3 g6 39. Bg1 Qg5 40. Ne2 Nb4 41. Rxb4
Bxb4 42. a6 Rd5 43. Qb3 Rd2 44. Bd3 Qh5 45. Ra2 bxa6 46. Bc4 Qf5 47. h3 Bd6 48.
b7 Rxa2 49. Qxa2 Qe4+ 50. Kh2 Qxb7 51. Qxa6 Qe7 52. Qb6 h5 53. Bd5 h4 54. Kg2
hxg3 55. Qb3 Kh7 56. Qd3 Bb4 57. Qc4 Be1 58. Bxf7 Rf8 59. Bd5 Qf6 60. Nd4 Bf2
61. Ne6 Bxg1 62. Nxf8+ Qxf8 63. Qh4+ Kg7 64. Qxg3 Bf2 65. Qe5+ Kh6 66. Bf3 Qd8
67. Qf4+ Qg5+ 68. Qxg5+ Kxg5 69. Kf1 1/2-1/2

[Event "Olimpiada de Khanty-Mansiysk 2010"]
[Site "Khanty-Mansiysk RUS"]
[Date "2010.09.27"]
[Round "6"]
[White "Batchuluun, Tsegmed"]
[Black "Johansen, Darryl K"]
[Result "1/2-1/2"]
[WhiteElo "2422"]
[BlackElo "2420"]
[PlyCount "112"]
[EventDate "2010.09.21"]
[EventType "team"]
[EventRounds "11"]
[EventCountry "RUS"]
[Source "lmi"]
[SourceDate "2010.09.21"]
[WhiteTeam "Mongolia"]
[BlackTeam "Australia"]
[WhiteTeamCountry "MGL"]
[BlackTeamCountry "AUS"]

1. d4 Nf6 2. c4 e6 3. g3 Bb4+ 4. Bd2 Qe7 5. Bg2 Nc6 6. Nf3 Bxd2+ 7. Nbxd2 d6 8.
O-O O-O 9. e4 e5 10. d5 Nb8 11. Ne1 a5 12. Nd3 Na6 13. a3 c6 14. dxc6 bxc6 15.
b4 axb4 16. axb4 Bb7 17. Re1 c5 18. b5 Nc7 19. f3 Ne6 20. Nb3 Qc7 21. Qc2 Nd7
22. Rec1 Nb6 23. Rxa8 Rxa8 24. Ra1 Rxa1+ 25. Nxa1 Nd4 26. Qa2 Bc8 27. Nb2 Be6
28. Nb3 Nxb5 29. cxb5 c4 30. Nxc4 Qxc4 31. Qa7 Nd7 32. Qa8+ Nf8 33. Na5 Qd4+
34. Kf1 Qa1+ 35. Kf2 Qa2+ 36. Kg1 Qa1+ 37. Kf2 Qb2+ 38. Kg1 Qxb5 39. h4 g6 40.
Nc6 Kg7 41. Ne7 h5 42. Qc6 Qc5+ 43. Qxc5 dxc5 44. Kf2 Kf6 45. Ng8+ Kg7 46. Ne7
Nd7 47. Ke3 Kf8 48. Nc6 Ke8 49. Bf1 f6 50. Bb5 Kf8 51. Nd8 Ke7 52. Nb7 c4 53.
Kd2 Nb6 54. Kc3 g5 55. Na5 gxh4 56. gxh4 Bh3 1/2-1/2